[Event "The Dutch opening"]
[Site "SchemingMind.com"]
[Date "2006.01.01"]
[Round "-"]
[White "Manuel Ángel Seris-Granier"]
[Black "doodledandy"]
[Result "0-1"]
[WhiteCountry "ESP"]
[BlackCountry "CAN"]
[WhiteElo "1926"]
[WhiteRD "108"]
[BlackElo "2369"]
[BlackRD "65"]
[GameID "34833"]

1. d4 f5 2. g3 Nf6 3. Bg2 g6 4. Nf3 Bg7 5. O-O O-O 6. c4 d6 7. Nc3 Qe8 8. d5 Na6 9. Rb1 c6 10. dxc6 bxc6
11. b4 Bd7 12. a3 Nc7 13. Bb2 Ne6 14. Qd3 Nd8 15. b5 Ne6 16. Nd4 Nxd4 17. Qxd4 Ng4 18. Qd1 Rf7 19. Qa4 Rc8 20. Qxa7 Ne5
21. b6 Ra8 22. Qc7 Rc8 23. Qa7 Ra8= 24. Qc7 Nxc4 25. b7 Rb8 26. Na4 e5 27. Nb6 Be6 28. Qxc6 Qxc6 29. Bxc6 Nxb6 30. Bxe5 Nc4
31. Bf4 Rc7 32. Bf3 Be5 33. Rfc1 Bxf4 34. gxf4 d5
0-1

[Event "The Dutch opening"]
[Site "SchemingMind.com"]
[Date "2006.01.02"]
[Round "-"]
[White "doodledandy"]
[Black "Manuel Ángel Seris-Granier"]
[Result "1-0"]
[WhiteCountry "CAN"]
[BlackCountry "ESP"]
[WhiteElo "2352"]
[WhiteRD "64"]
[BlackElo "1972"]
[BlackRD "114"]
[GameID "34834"]

1. d4 f5 2. g3 Nf6 3. Bg2 g6 4. Nf3 Bg7 5. O-O O-O 6. b3 d6 7. Bb2 Qe8 8. c4 Na6 9. Re1 Kh8 10. Nc3 e5
11. dxe5 dxe5 12. e4 f4 13. Nd5 Nh5 14. Ba3 Rf7 15. Ng5 Rd7 16. Bh3 Rd8 17. Bxc8 Raxc8 18. Qg4 Ra8 19. Qe6 Rd7 20. g4 Qxe6
21. Nxe6 Nf6 22. g5 Ng8 23. Rad1 Re8 24. Ndxf4 exf4 25. Rxd7 Rxe6 26. b4 Rd6 27. Rxd6 cxd6 28. Rd1
1-0

[Event "The Dutch opening"]
[Site "SchemingMind.com"]
[Date "2006.01.02"]
[Round "-"]
[White "Nenad"]
[Black "doodledandy"]
[Result "0-1"]
[WhiteCountry "SLO"]
[BlackCountry "CAN"]
[WhiteElo "2133"]
[WhiteRD "85"]
[BlackElo "2369"]
[BlackRD "65"]
[GameID "34878"]

1. d4 f5 2. g3 Nf6 3. Bg2 g6 4. c4 Bg7 5. Nc3 O-O 6. Nf3 d6 7. O-O Qe8 8. d5 Na6 9. Nd4 Bd7 10. Qc2 Nc5
11. Rd1 a5 12. Be3 Ng4 13. Bf4 Be5 14. e3 Bg7 15. Rac1 Qc8 16. f3 Nf6 17. Qd2 Nh5 18. Bg5 h6 19. Bxe7 Rf7 20. Bh4 g5
21. g4 fxg4 22. Bf2 gxf3 23. Bxf3 Rxf3 24. Nxf3 Bh3 25. Ne1 Qg4+ 26. Kh1 Rf8 27. Qc2 Bxc3 28. bxc3 Ne4 29. Rd2 Bf1 30. Qd1 Qxd1
31. Rcxd1 Rxf2
0-1

[Event "The Dutch opening"]
[Site "SchemingMind.com"]
[Date "2006.01.02"]
[Round "-"]
[White "Nenad"]
[Black "Manuel Ángel Seris-Granier"]
[Result "1-0"]
[WhiteCountry "SLO"]
[BlackCountry "ESP"]
[WhiteElo "2148"]
[WhiteRD "81"]
[BlackElo "1898"]
[BlackRD "106"]
[GameID "34879"]

1. d4 f5 2. e4 fxe4 3. Nc3 Nf6 4. Bg5 Nc6 5. d5 Ne5 6. Qd4 Nf7 7. Bxf6 exf6 8. Qxe4+ Qe7 9. Nf3 f5 10. Qxe7+ Bxe7
11. Bd3 g6 12. Nb5 Kd8 13. O-O d6 14. Nbd4 Ne5 15. Rfe1 Bf6 16. Nxe5
1-0

[Event "The Dutch opening"]
[Site "SchemingMind.com"]
[Date "2006.01.03"]
[Round "-"]
[White "doodledandy"]
[Black "Nenad"]
[Result "1-0"]
[WhiteCountry "CAN"]
[BlackCountry "SLO"]
[WhiteElo "2388"]
[WhiteRD "68"]
[BlackElo "2148"]
[BlackRD "81"]
[GameID "34880"]

1. d4 f5 2. g3 Nf6 3. Bg2 g6 4. Nf3 Bg7 5. O-O O-O 6. b3 d6 7. Bb2 Qe8 8. c4 Nc6 9. d5 Nd8 10. Nc3 e5
11. dxe6 Nxe6 12. Rc1 Bd7 13. Ba1 Bc6 14. Nd5 Qf7 15. Nd4 Nxd4 16. Bxd4 Rfe8 17. Bxf6 Bxf6 18. b4 Bg5 19. b5 Bxc1 20. bxc6 Ba3
21. cxb7 Rab8 22. Nf4 Qg7 23. Qa4 Bc5 24. Bd5+ Kh8 25. Ne6 Qf6 26. Nxc5 dxc5 27. Qxa7 c6 28. Bf3 Red8 29. Rb1 Qf7 30. a4 f4
31. a5 Qxc4 32. a6 fxg3 33. hxg3
1-0

[Event "The Dutch opening"]
[Site "SchemingMind.com"]
[Date "2006.01.02"]
[Round "-"]
[White "Manuel Ángel Seris-Granier"]
[Black "Nenad"]
[Result "0-1"]
[WhiteCountry "ESP"]
[BlackCountry "SLO"]
[WhiteElo "1898"]
[WhiteRD "106"]
[BlackElo "2148"]
[BlackRD "81"]
[GameID "34881"]

1. d4 f5 2. g3 Nf6 3. Bg2 e6 4. c4 Be7 5. Nf3 O-O 6. O-O Ne4 7. Nbd2 d5 8. Ne5 Nd7 9. Ndf3 Nxe5 10. Nxe5 c5
11. Be3 dxc4 12. Nxc4 cxd4 13. Qxd4 Qxd4 14. Bxd4 b6 15. f3 Ba6 16. Ne5 Ng5
0-1

[Event "The Dutch opening"]
[Site "SchemingMind.com"]
[Date "2006.01.04"]
[Round "-"]
[White "alejandroales"]
[Black "Nenad"]
[Result "0-1"]
[WhiteCountry "ARG"]
[BlackCountry "SLO"]
[WhiteElo "1669"]
[WhiteRD "77"]
[BlackElo "2133"]
[BlackRD "85"]
[GameID "35049"]

1. d4 f5 2. e4 fxe4 3. Nc3 Nf6 4. Bg5 e6 5. Nxe4 Be7 6. Bd3 Nxe4 7. Bxe7 Qxe7 8. Bxe4 d5 9. Bd3 Qb4+ 10. c3 Qxb2
11. Ne2 O-O 12. O-O Nd7 13. Ng3 Qxc3 14. Rc1 Qa5 15. Qh5 Nf6 16. Qh4 c6 17. Nh5 h6 18. f4 Qxa2 19. Rf3 Qb2 20. Rcf1 Qxd4+
21. Kh1 e5 22. Nxf6+ Rxf6 23. Qh5 e4 24. Rg3 exd3 25. Rd1 Qxf4 26. Rf3 Bg4
0-1

[Event "The Dutch opening"]
[Site "SchemingMind.com"]
[Date "2006.01.04"]
[Round "-"]
[White "alejandroales"]
[Black "doodledandy"]
[Result "0-1"]
[WhiteCountry "ARG"]
[BlackCountry "CAN"]
[WhiteElo "1650"]
[WhiteRD "81"]
[BlackElo "2301"]
[BlackRD "65"]
[GameID "35050"]

1. d4 f5 2. g3 Nf6 3. Bg2 g6 4. c4 Bg7 5. Nc3 d6 6. e4 fxe4 7. Nxe4 Nxe4 8. Bxe4 c5 9. Ne2 cxd4 10. Nxd4 Qa5+
11. Bd2 Qe5 12. Qe2 Qxd4 13. O-O Qxb2 14. Bg5 Qxe2
0-1

[Event "The Dutch opening"]
[Site "SchemingMind.com"]
[Date "2006.01.04"]
[Round "-"]
[White "alejandroales"]
[Black "Manuel Ángel Seris-Granier"]
[Result "0-1"]
[WhiteCountry "ARG"]
[BlackCountry "ESP"]
[WhiteElo "1650"]
[WhiteRD "81"]
[BlackElo "2019"]
[BlackRD "123"]
[GameID "35051"]

1. d4 f5 2. e4 fxe4 3. Nc3 Nf6 4. Bg5 Nc6 5. f3 e5 6. dxe5 Nxe5 7. Nxe4 Qe7 8. Ne2 c6 9. Nf4 d5 10. Nc3 Nxf3+
11. Kf2 Nxg5 12. g3 Ng4+ 13. Kg1 Qe3+ 14. Kg2 Qf2#
0-1

[Event "The Dutch opening"]
[Site "SchemingMind.com"]
[Date "2006.01.13"]
[Round "-"]
[White "Nenad"]
[Black "alejandroales"]
[Result "1-0"]
[WhiteCountry "SLO"]
[BlackCountry "ARG"]
[WhiteElo "2132"]
[WhiteRD "90"]
[BlackElo "1644"]
[BlackRD "86"]
[GameID "35052"]

1. d4 f5 2. e4 fxe4 3. Nc3 Nf6 4. Bg5 g6 5. f3 exf3 6. Nxf3 Bg7 7. Bc4 c6 8. O-O d5 9. Bd3 O-O 10. Qd2 Nbd7
11. Rae1 Nb6 12. Bh6 Bxh6 13. Qxh6 Qd6 14. Bxg6 hxg6 15. Qxg6+ Kh8 16. Ng5 Nbd7 17. Re3 Ne5 18. dxe5
1-0

[Event "The Dutch opening"]
[Site "SchemingMind.com"]
[Date "2006.01.05"]
[Round "-"]
[White "doodledandy"]
[Black "alejandroales"]
[Result "1-0"]
[WhiteCountry "CAN"]
[BlackCountry "ARG"]
[WhiteElo "2301"]
[WhiteRD "65"]
[BlackElo "1650"]
[BlackRD "81"]
[GameID "35053"]

1. d4 f5 2. g3 Nf6 3. Bg2 e6 4. c4 Bb4+ 5. Bd2 Be7 6. Nf3 O-O 7. O-O d5 8. Qc2 c6 9. Bg5 Nbd7 10. cxd5 cxd5
11. Rc1 b6 12. Qc6 Rb8 13. Bf4 Bb7 14. Qxe6+ Kh8 15. Bxb8 Qxb8 16. Qxe7
1-0

[Event "The Dutch opening"]
[Site "SchemingMind.com"]
[Date "2006.01.05"]
[Round "-"]
[White "Manuel Ángel Seris-Granier"]
[Black "alejandroales"]
[Result "1-0"]
[WhiteCountry "ESP"]
[BlackCountry "ARG"]
[WhiteElo "1972"]
[WhiteRD "114"]
[BlackElo "1644"]
[BlackRD "86"]
[GameID "35054"]

1. d4 f5 2. g3 Nf6 3. Bg2 e6 4. c4 Bb4+ 5. Nd2 O-O 6. Nf3 c6 7. O-O d5 8. Ne5 Nbd7 9. Ndf3 Qc7 10. Nd3 Bd6
11. c5 Be7 12. Ng5 Nb8 13. Nf4 Re8 14. Ngxe6 Bxe6 15. Nxe6 Qa5 16. Bd2
1-0

[Event "The Dutch opening"]
[Site "SchemingMind.com"]
[Date "2006.01.05"]
[Round "-"]
[White "Space"]
[Black "Nenad"]
[Result "1/2-1/2"]
[WhiteCountry "SWE"]
[BlackCountry "SLO"]
[WhiteElo "2126"]
[WhiteRD "91"]
[BlackElo "2133"]
[BlackRD "85"]
[GameID "35237"]

1. d4 f5 2. c4 Nf6 3. g3 g6 4. Bg2 Bg7 5. Nh3 O-O 6. Nc3 d6 7. d5 Nbd7 8. O-O Nc5 9. Nf4 e5 10. dxe6 c6
11. Qc2 Qe7 12. b3 Bxe6 13. Nxe6 Qxe6 14. Bb2 Rae8 15. Rad1 Nfe4 16. Nxe4 fxe4 17. Bc1 b6 18. Be3 Rf7 19. Rd2 Na6 20. Rfd1 d5
21. cxd5 cxd5 22. b4 Nc7 23. Qa4 Ra8 24. Rc2 Qf5 25. f3 exf3 26. Bxf3 Rd8 27. Rc6 d4 28. Qb3 Nd5 29. Bf2 g5 30. g4 Qd7
31. Bxd5=
1/2-1/2

[Event "The Dutch opening"]
[Site "SchemingMind.com"]
[Date "2006.01.05"]
[Round "-"]
[White "Space"]
[Black "doodledandy"]
[Result "0-1"]
[WhiteCountry "SWE"]
[BlackCountry "CAN"]
[WhiteElo "1953"]
[WhiteRD "155"]
[BlackElo "2301"]
[BlackRD "65"]
[GameID "35238"]

1. d4 f5 2. c4 Nf6 3. g3 g6 4. Bg2 Bg7 5. Nh3 O-O 6. Nc3 d6 7. d5 Nbd7 8. O-O Ne5 9. b3 c5 10. Rb1 Bd7
11. Qc2 Qc8 12. Bd2 Nh5 13. a4 Rb8 14. Nf4 Nxf4 15. Bxf4 Qc7 16. Qd2 Qa5 17. Rfc1 a6 18. Bh6 Bxh6 19. Qxh6 b5 20. axb5 axb5
21. cxb5 Bxb5 22. Qh4 Rfe8 23. b4 cxb4 24. Rxb4 Qa3 25. Rbb1 Rec8 26. Qd4 Bd3 27. Ra1 Qb2 28. exd3 Rb4 29. Qa7 Rxc3 30. Rf1 Rb7
31. Qa8+ Rb8 32. Qa7 Kf7 33. d4 Nd3
0-1

[Event "The Dutch opening"]
[Site "SchemingMind.com"]
[Date "2006.01.05"]
[Round "-"]
[White "Space"]
[Black "Manuel Ángel Seris-Granier"]
[Result "1-0"]
[WhiteCountry "SWE"]
[BlackCountry "ESP"]
[WhiteElo "2126"]
[WhiteRD "91"]
[BlackElo "1926"]
[BlackRD "108"]
[GameID "35239"]

1. d4 f5 2. c4 Nf6 3. g3 g6 4. Bg2 Bg7 5. Nh3 d6 6. d5 c6 7. Nf4 O-O 8. Nc3 e5 9. dxe6 Qe7 10. O-O Bxe6
11. Nxe6 Qxe6 12. Bf4 Na6 13. Qxd6 Qxc4 14. Rfd1 Ne4 15. Nxe4 fxe4 16. Rd2 Rae8 17. b3 Qb5 18. Rc1 Rf7 19. Qa3 Bf8 20. Qb2 Nb4
21. Rc4 Nd5 22. Bxe4 g5 23. a4 Qb6 24. Rxd5 cxd5 25. Bxd5 Bg7 26. Bxf7+ Kxf7 27. Qc2 gxf4 28. Qxh7 Re6 29. Rxf4+ Rf6 30. Qh5+ Kf8
31. Rxf6+ Bxf6 32. Qd5 Kg7 33. h4 Bd4 34. e3 Bf6 35. Kg2 Qc7 36. h5 Qc8 37. Qe4 Kf8 38. g4 Qd7 39. Kg3
1-0

[Event "The Dutch opening"]
[Site "SchemingMind.com"]
[Date "2006.01.05"]
[Round "-"]
[White "Space"]
[Black "alejandroales"]
[Result "1-0"]
[WhiteCountry "SWE"]
[BlackCountry "ARG"]
[WhiteElo "1953"]
[WhiteRD "155"]
[BlackElo "1650"]
[BlackRD "81"]
[GameID "35240"]

1. d4 f5 2. c4 Nf6 3. g3 e6 4. Bg2 Bb4+ 5. Bd2 Be7 6. Nc3 O-O 7. Nf3 d6 8. O-O a5 9. Qc2 Nbd7 10. b3 Qe8
11. e4 fxe4 12. Ng5 Nb6 13. Ncxe4 Nxe4 14. Bxe4 Bxg5 15. Bxh7+ Kh8 16. Bxg5 Qh5 17. Be7 Qxh7 18. Qxh7+ Kxh7 19. Bxf8 Bd7 20. Be7 Re8
21. Bg5 Kg6 22. h4 e5 23. dxe5 Rxe5 24. Rfe1 Rxe1+ 25. Rxe1 Bc6 26. Re6+ Kf7 27. Re7+ Kg6 28. Rxc7 d5 29. Be3 dxc4 30. Bxb6
1-0

[Event "The Dutch opening"]
[Site "SchemingMind.com"]
[Date "2006.01.13"]
[Round "-"]
[White "Nenad"]
[Black "Space"]
[Result "1/2-1/2"]
[WhiteCountry "SLO"]
[BlackCountry "SWE"]
[WhiteElo "2133"]
[WhiteRD "85"]
[BlackElo "2126"]
[BlackRD "91"]
[GameID "35241"]

1. d4 f5 2. g3 Nf6 3. Bg2 e6 4. Nf3 d5 5. O-O Bd6 6. c4 c6 7. Bg5 O-O 8. Nbd2 Nbd7 9. e3 h6 10. Bxf6 Qxf6
11. Rc1 g5 12. Ne1 Qg7 13. Nd3 Nf6 14. Qc2 Bd7 15. c5 Bc7 16. Nf3 Rfb8 17. Nfe5 Be8 18. Bf3 Nd7 19. Nxd7 Bxd7 20. Bg2 g4=
1/2-1/2

[Event "The Dutch opening"]
[Site "SchemingMind.com"]
[Date "2006.01.06"]
[Round "-"]
[White "doodledandy"]
[Black "Space"]
[Result "1-0"]
[WhiteCountry "CAN"]
[BlackCountry "SWE"]
[WhiteElo "2301"]
[WhiteRD "65"]
[BlackElo "1953"]
[BlackRD "155"]
[GameID "35242"]

1. d4 f5 2. g3 Nf6 3. Bg2 g6 4. Nf3 Bg7 5. O-O O-O 6. b3 d6 7. Bb2 Qe8 8. c4 Na6 9. Nbd2 e5 10. dxe5 Ng4
11. Ba3 Nxe5 12. Nxe5 Qxe5 13. Rb1 f4 14. Bb2 Qe7 15. b4 Bxb2 16. Rxb2 Rb8 17. a3 Bg4 18. Ne4 Qe5 19. Qd5+ Qxd5 20. cxd5 Bf5
21. Rc1 fxg3 22. hxg3 Bxe4 23. Bxe4 Rbc8 24. Bd3 Nb8 25. Rbc2 c6 26. Be4 Rce8 27. Bg2 Re7 28. e3
1-0

[Event "The Dutch opening"]
[Site "SchemingMind.com"]
[Date "2006.01.05"]
[Round "-"]
[White "Manuel Ángel Seris-Granier"]
[Black "Space"]
[Result "0-1"]
[WhiteCountry "ESP"]
[BlackCountry "SWE"]
[WhiteElo "1926"]
[WhiteRD "108"]
[BlackElo "2126"]
[BlackRD "91"]
[GameID "35243"]

1. d4 f5 2. g3 Nf6 3. Bg2 e6 4. c4 d5 5. Nf3 c6 6. O-O Bd6 7. Qc2 O-O 8. Nc3 Ne4 9. Rb1 Bd7 10. b4 Be8
11. b5 Bh5 12. a4 Qf6 13. a5 b6 14. Bb2 bxa5 15. Ne5 Bxe5 16. dxe5 Qf7 17. Nxe4 dxe4 18. f3 exf3 19. exf3 cxb5 20. cxb5 Nd7
21. Ba3 Rfc8 22. Qa4 Nb6 23. Qxa5 Nc4 24. Qa6 Nxa3 25. Qxa3 f4 26. Rfc1 Rd8 27. Rb4 fxg3 28. hxg3 Qb7 29. f4 Qb6+ 30. Kh2 Rd2
31. Rb2 Rxb2 32. Qxb2 Rd8 33. Rc6 Qe3 34. Rd6 Rc8 35. Bc6 Bf7 36. Qc2 g5 37. Rd3 Qe1 38. Rd1 Qe3 39. Qd2 gxf4 40. gxf4 Qxd2+
0-1

[Event "The Dutch opening"]
[Site "SchemingMind.com"]
[Date "2006.01.05"]
[Round "-"]
[White "alejandroales"]
[Black "Space"]
[Result "0-1"]
[WhiteCountry "ARG"]
[BlackCountry "SWE"]
[WhiteElo "1650"]
[WhiteRD "81"]
[BlackElo "1953"]
[BlackRD "155"]
[GameID "35244"]

1. d4 f5 2. Qd3 d5 3. Nf3 Nf6 4. Bf4 e6 5. g3 Be7 6. Bg2 O-O 7. Nbd2 Ne4 8. c4 g5 9. Be5 g4 10. Ng1 Nc6
11. h3 Nxd2 12. Kxd2 dxc4 13. Qe3 Nxe5 14. Qxe5 Bf6 15. Qf4 Bg5
0-1

[Event "The Dutch opening"]
[Site "SchemingMind.com"]
[Date "2006.01.08"]
[Round "-"]
[White "J Zhong"]
[Black "Space"]
[Result "0-1"]
[WhiteCountry "SGP"]
[BlackCountry "SWE"]
[WhiteElo "1455"]
[WhiteRD "170"]
[BlackElo "2119"]
[BlackRD "87"]
[GameID "35511"]

1. d4 f5 2. Nc3 d5 3. Bg5 c6 4. Nf3 g6 5. g3 Bg7 6. Bg2 Nf6 7. Bxf6 exf6 8. O-O O-O 9. a3 Be6 10. Rb1 Nd7
11. Nd2 Qc7 12. b4 f4 13. b5 f5 14. e3 fxe3 15. fxe3 Rae8 16. bxc6 bxc6 17. Rb3 Bf7 18. Re1 Bh6 19. Qf3 f4 20. Nd1 fxe3
21. Nxe3 Nc5 22. Rb4 Qe7 23. dxc5 Bxe3+ 24. Kh1 Qxc5 25. Ne4 Rxe4 26. Rxe4 Bf2 27. R1e2 dxe4 28. Qxf2 Qxa3 29. Bxe4 Bc4 30. Qe3 Qa1+
31. Re1 Rf1+ 32. Rxf1 Qxf1+ 33. Qg1 Qxg1+ 34. Kxg1 Bd5 35. Bd3 a5 36. c4 Be6 37. Kf2 Bf5 38. Bxf5 gxf5 39. Ke3 Kf7 40. Kd4 Kf6
41. c5 Kg5
0-1

[Event "The Dutch opening"]
[Site "SchemingMind.com"]
[Date "2006.01.08"]
[Round "-"]
[White "J Zhong"]
[Black "Nenad"]
[Result "0-1"]
[WhiteCountry "SGP"]
[BlackCountry "SLO"]
[WhiteElo "1455"]
[WhiteRD "170"]
[BlackElo "2148"]
[BlackRD "81"]
[GameID "35512"]

1. d4 f5 2. c4 Nf6 3. Nc3 g6 4. Bg5 Bg7 5. f3 c5 6. Be3 cxd4 7. Bxd4 Nc6 8. Bf2 O-O 9. e3 d6 10. Nh3 Bd7
11. Be2 Rc8
0-1

[Event "The Dutch opening"]
[Site "SchemingMind.com"]
[Date "2006.01.08"]
[Round "-"]
[White "J Zhong"]
[Black "doodledandy"]
[Result "0-1"]
[WhiteCountry "SGP"]
[BlackCountry "CAN"]
[WhiteElo "1634"]
[WhiteRD "275"]
[BlackElo "2369"]
[BlackRD "65"]
[GameID "35513"]

1. d4 f5 2. Nf3 Nf6 3. Bg5 e6 4. c3 Be7 5. e3 Nc6 6. Bb5 a6 7. Ba4 O-O 8. Nbd2 b5 9. Bc2 h6 10. Bf4 b4
11. a3 bxc3 12. bxc3 Nd5 13. c4 Nxf4 14. exf4 Bf6 15. Nb3 a5 16. Rb1 a4 17. Nc5 Qe7 18. Nxa4 Ba6 19. c5 d6 20. Bb3 Rfb8
21. g3 Na5 22. Ba2 Rxb1 23. Qxb1 Qd7 24. Qd1 Re8 25. cxd6 cxd6 26. Ng1 Qc6 27. f3 Kh7 28. Bb1 Rc8 29. Kf2 Nb3 30. Qxb3 Qc1
31. Bd3 Qd2+ 32. Be2 Bxd4+ 33. Kg2 Bxe2 34. Nxe2 Qxe2+ 35. Kh3 Rc2
0-1

[Event "The Dutch opening"]
[Site "SchemingMind.com"]
[Date "2006.01.09"]
[Round "-"]
[White "J Zhong"]
[Black "Manuel Ángel Seris-Granier"]
[Result "0-1"]
[WhiteCountry "SGP"]
[BlackCountry "ESP"]
[WhiteElo "1396"]
[WhiteRD "162"]
[BlackElo "1898"]
[BlackRD "119"]
[GameID "35514"]

1. d4 f5 2. Nc3 d5 3. g3 Nf6 4. Bg5 e6 5. Nf3 Be7 6. Bg2 O-O 7. O-O Ne4 8. Bf4 Nc6 9. Ne5 Nxe5 10. Bxe5 Nxc3
11. bxc3 Bd6 12. Bxd6 Qxd6 13. a4 b6 14. a5 Ba6 15. Re1 Bc4 16. f4 b5 17. Qd2 c5 18. e3 Rab8 19. Reb1 Rf6 20. Qd1 a6
21. Qh5 Rh6 22. Qg5 Be2
0-1

[Event "The Dutch opening"]
[Site "SchemingMind.com"]
[Date "2006.01.09"]
[Round "-"]
[White "J Zhong"]
[Black "alejandroales"]
[Result "0-1"]
[WhiteCountry "SGP"]
[BlackCountry "ARG"]
[WhiteElo "1455"]
[WhiteRD "170"]
[BlackElo "1692"]
[BlackRD "79"]
[GameID "35515"]

1. d4 f5 2. Bg5 Nf6 3. g3 e6 4. Nf3 Be7 5. c4 O-O 6. Bxf6 Bxf6 7. Nbd2 a5 8. Rb1 d6 9. Bh3 Qe8 10. O-O Qh5
11. Bg2 g5 12. e3 Kh8 13. Qc2 Nc6 14. d5 Ne5 15. Nxe5 Bxe5 16. dxe6 Bxe6 17. Bxb7 Rae8 18. Bd5 f4 19. exf4 gxf4 20. Bf3 Qg5
21. Ne4 Qg6 22. Qe2 Rg8 23. Kh1 fxg3 24. fxg3 Qh6 25. Qd2 Qh3 26. Bg2 Qh5 27. Qxa5 Ref8 28. Rxf8 Rxf8 29. b3 Qe2 30. Re1 Qc2
31. Qxc7 Bf5 32. Nxd6 Qd2 33. Nf7+ Rxf7 34. Qxe5+ Kg8 35. Bd5 Bg6 36. Bxf7+ Bxf7 37. Qb8+ Kg7 38. Rf1 Qd3
0-1

[Event "The Dutch opening"]
[Site "SchemingMind.com"]
[Date "2006.01.08"]
[Round "-"]
[White "Space"]
[Black "J Zhong"]
[Result "1-0"]
[WhiteCountry "SWE"]
[BlackCountry "SGP"]
[WhiteElo "2119"]
[WhiteRD "87"]
[BlackElo "1455"]
[BlackRD "170"]
[GameID "35516"]

1. d4 f5 2. g3 g6 3. Bg2 Bg7 4. Nh3 Nf6 5. c4 d6 6. d5 Na6 7. Nc3 Nc5 8. Be3 Nfe4 9. Nxe4 Nxe4 10. Bd4 Bf6
11. Bxf6 Nxf6 12. O-O O-O 13. Qb3 Rb8 14. Qe3 c5 15. dxc6 bxc6 16. Qxa7 Rxb2 17. Bxc6 Rxe2 18. a4 Re5 19. a5 Rc5 20. Bb5 Bd7
21. Rfe1 Rc7 22. Qe3 e5 23. Rad1 f4 24. gxf4 Ng4 25. Qa3 Qh4 26. Rxd6 Bc8 27. Qg3 Qxg3+ 28. hxg3 exf4 29. Nxf4 Nxf2 30. Kxf2 g5
31. Rg1 Re7 32. Bc6 Kh8 33. Kf3 gxf4 34. gxf4 Ra7 35. Ra1 Raf7 36. Rd4 h5 37. Ke3 Re7+ 38. Re4 Rh7 39. Re5 Rh6 40. Rc5
1-0

[Event "The Dutch opening"]
[Site "SchemingMind.com"]
[Date "2006.01.13"]
[Round "-"]
[White "Nenad"]
[Black "J Zhong"]
[Result "1-0"]
[WhiteCountry "SLO"]
[BlackCountry "SGP"]
[WhiteElo "2148"]
[WhiteRD "81"]
[BlackElo "1455"]
[BlackRD "170"]
[GameID "35517"]

1. d4 f5 2. e4 fxe4 3. Nc3 Nf6 4. Bg5 b6 5. Bxf6 exf6 6. Qh5+ g6 7. Qd5 Nc6 8. Qxe4+ Kf7 9. Bc4+ Kg7 10. Nf3 Qe7
11. Qxe7+ Bxe7 12. O-O
1-0

[Event "The Dutch opening"]
[Site "SchemingMind.com"]
[Date "2006.01.08"]
[Round "-"]
[White "doodledandy"]
[Black "J Zhong"]
[Result "1-0"]
[WhiteCountry "CAN"]
[BlackCountry "SGP"]
[WhiteElo "2352"]
[WhiteRD "64"]
[BlackElo "1642"]
[BlackRD "279"]
[GameID "35518"]

1. d4 f5 2. g3 Nf6 3. Bg2 e6 4. c4 Bb4+ 5. Nd2 Nc6 6. Nf3 a5 7. O-O O-O 8. c5 b6 9. Nc4 a4 10. a3 Ba5
11. Qxa4 Bb7 12. Qc2 bxc5 13. dxc5 Ne4 14. b4 Bxb4 15. Rb1 Bxc5 16. Rxb7 d5 17. Nce5 Ne7 18. Bg5 Ra6 19. a4 Bd6 20. Bxe7 Qxe7
21. Nc6 Qe8 22. Nfd4 Nc5 23. Rb8 Qf7 24. Rfb1 e5 25. Nd8
1-0

[Event "The Dutch opening"]
[Site "SchemingMind.com"]
[Date "2006.01.08"]
[Round "-"]
[White "Manuel Ángel Seris-Granier"]
[Black "J Zhong"]
[Result "1-0"]
[WhiteCountry "ESP"]
[BlackCountry "SGP"]
[WhiteElo "1898"]
[WhiteRD "119"]
[BlackElo "1396"]
[BlackRD "162"]
[GameID "35519"]

1. d4 f5 2. g3 Nf6 3. Bg2 c6 4. c4 d5 5. Nf3 e6 6. O-O Bd6 7. Qc2 O-O 8. b3 Qe7 9. Ne5 a5 10. Bg5 Nbd7
11. f4 Qe8 12. c5 Bxe5 13. fxe5 Ne4 14. Bf4 Qh5 15. Nc3 Nxc3 16. Qxc3 Qxe2 17. Rf3 Qa6 18. h3 b5 19. a3 Rf7 20. Rf2 Nf8
21. Bd2 h6 22. Qf3
1-0

[Event "The Dutch opening"]
[Site "SchemingMind.com"]
[Date "2006.01.08"]
[Round "-"]
[White "alejandroales"]
[Black "J Zhong"]
[Result "1-0"]
[WhiteCountry "ARG"]
[BlackCountry "SGP"]
[WhiteElo "1692"]
[WhiteRD "79"]
[BlackElo "1455"]
[BlackRD "170"]
[GameID "35520"]

1. d4 f5 2. g4 d5 3. Bg2 fxg4 4. Bf4 Nf6 5. Nc3 Nc6 6. Qd3 g6 7. O-O-O Bf5 8. e4 dxe4 9. Bxe4 Nxe4 10. Nxe4 Qd5
11. Re1 Nb4 12. Nf6+ Kf7 13. Nxd5 Bxd3 14. cxd3 Nxd5 15. Be5 Bh6+ 16. Kb1 Rhd8 17. h3 g3 18. fxg3 c6 19. Ne2 Kg8 20. Nc3 Ne3
21. Ne4 Rf8 22. g4 Ng2 23. Re2 Nf4 24. Rd2 Ne6 25. Rg2 Be3 26. h4 Bxd4 27. Bxd4 Nxd4 28. h5 Rf4 29. hxg6 hxg6 30. g5 Raf8
31. a3 Rf3 32. Ka2 b6 33. Rgh2 Rxd3 34. Rh8+ Kf7 35. R1h7+ Ke8 36. Rxf8+ Kxf8 37. Rh8+ Kf7 38. Ra8 a5 39. Rb8
1-0